000 00238nam a22001097a 4500
041 _aENG
245 _aEnergyplay Urjapatra
260 _aGujarat
_bEnergy DevelopmentAgency
_c2000
300 _a158
650 _aEOES (12)
856 _uEOES
999 _c2700
_d2700